Online
Catalog

Alturas de América / (Record no. 4738)

MARC details
000 -CABECERA
campo de control de longitud fija 00691cam a2200205 a 4500
001 - NÚMERO DE CONTROL
campo de control 000004932
005 - FECHA Y HORA DE LA ÚLTIMA TRANSACCIÓN
campo de control 20200929151535.0
008 - DATOS DE LONGITUD FIJA--INFORMACIÓN GENERAL
campo de control de longitud fija 810114s1973 pr 001 p spa
040 ## - FUENTE DE LA CATALOGACIÓN
Centro catalogador/agencia de origen DO-SdBNP
Lengua de catalogación spa
Centro/agencia transcriptor BNPHU
082 ## - NÚMERO DE LA CLASIFICACIÓN DECIMAL DEWEY
Número de clasificación PR860.4
Número de documento/Ítem L792a, 1973
100 1# - ENTRADA PRINCIPAL--NOMBRE DE PERSONA
Nombre de persona Llorens Torres, Luis,
Fechas asociadas al nombre 1876-1944.
9 (RLIN) 4234
245 10 - MENCIÓN DE TÍTULO
Título Alturas de América /
Mención de responsabilidad, etc. Luis Llorens Torres; introducción, Carlos de Arce.
250 ## - MENCIÓN DE EDICIÓN
Mención de edición 4a ed.
260 ## - PUBLICACIÓN, DISTRIBUCIÓN, ETC.
Lugar de publicación, distribución, etc. San Juan :
Nombre del editor, distribuidor, etc. Cordillera,
Fecha de publicación, distribución, etc. 1973.
300 ## - DESCRIPCIÓN FÍSICA
Extensión 274 p. ;
Dimensiones 19 cm.
490 1# - MENCIÓN DE SERIE
Mención de serie Los Grandes Escritores de Puerto Rico
650 #4 - PUNTO DE ACCESO ADICIONAL DE MATERIA--TÉRMINO DE MATERIA
Término de materia o nombre geográfico como elemento de entrada Literatura puertorriqueña
9 (RLIN) 250
700 1# - PUNTO DE ACCESO ADICIONAL--NOMBRE DE PERSONA
Nombre de persona Arce, Carlos de,
Término indicativo de función/relación introd.
9 (RLIN) 4236
830 #0 - PUNTO DE ACCESO ADICIONAL DE SERIE-TÍTULO UNIFORME
Título uniforme Los Grandes Escritores de Puerto Rico
9 (RLIN) 4237
Holdings
Estado de retiro Estado de pérdida Restricciones de uso No para préstamo Código de colección Localización permanente Ubicación/localización actual Ubicación en estantería Fecha de adquisición Número de inventario Total de préstamos Signatura topográfica completa Código de barras Fecha visto por última vez Precio válido a partir de Tipo de ítem Koha Número de copia
      Excluido de préstamo Monografías: Libros y Folletos General General Depósito 27.07.2009 LF1   PR860.4 L792a, 1973 4932-10 25.06.2020 25.06.2020 No se presta  
  Extraviado   Excluido de préstamo Monografías: Libros y Folletos General General Extraviado 17.04.2017 LF1   PR860.4 L792a, 1973 4932-20 25.06.2020 25.06.2020 No se presta e. 2

Powered by Koha